[Event "AUT-chT (Women) 1718"]
[Site "Austria"]
[Date "2018.04.08"]
[Round "9.4"]
[White "Panzenboeck, Sophie"]
[Black "Horvath, Reka"]
[Result "0-1"]
[WhiteElo "1506"]
[BlackElo "2026"]
[PlyCount "128"]
[EventDate "2017.11.24"]
[EventType "team-tourn"]
[EventRounds "9"]
[EventCountry "AUT"]
[SourceTitle "EXT 2019"]
[Source "ChessBase"]
[SourceDate "2018.10.10"]
[SourceVersion "1"]
[SourceVersionDate "2018.10.10"]
[SourceQuality "1"]
[WhiteTeam "Baden (W)"]
[BlackTeam "Pamhagen (W)"]
[WhiteTeamCountry "AUT"]
[BlackTeamCountry "AUT"]

1. d4 Nf6 2. Nf3 g6 3. g3 Bg7 4. Bg2 0-0 5. 0-0 d5 6. Re1 c5 7. c3 cxd4 8. cxd4 Nc6 9. Nc3 Ne4 10. e3 Bg4 11. Qb3 Nxc3 12. bxc3 Na5 13. Qb4 Bf5 14. Nd2 Bd3 15. e4 e6 16. exd5 exd5 17. Ba3 Bc4 18. Nxc4 Nxc4 19. Bc1 Nb6 20. Bf4 Rc8 21. Rab1 Re8 22. Bf1 Qd7 23. Bb5 Rxe1+ 24. Rxe1 Qf5 25. Qa5 g5 26. Bd2 Qc2 27. Bxg5 h6 28. Rc1 Qb2 29. Be3 Bxd4 30. Bxd4 Qxc1+ 31. Kg2 Qb1 32. Be2 Re8 33. Bf3 Nc4 34. Qxd5 Nd2 35. Kh3 Nxf3 36. Qxf3 Qf1+ 37. Kh4 Qe2 38. Qf6 Qe7 39. Qxe7 Rxe7 40. Bxa7 Re4+ 41. Kh5 Ra4 42. Bd4 Kh7 43. Kg4 Rxa2 44. Kf5 b5 45. Ke4 Ra1 46. h4 Kg6 47. Kd5 Rb1 48. Be3 h5 49. Ke4 Rd1 50. Bd4 Re1+ 51. Kd3 Kf5 52. f3 Rd1+ 53. Ke2 Ra1 54. Kf2 Ra2+ 55. Kf1 Ke6 56. g4 Rh2 57. Bf2 hxg4 58. fxg4 Rh3 59. Be1 Ke5 60. Kg2 Rd3 61. Kf2 Kf4 62. g5 Kg4 63. Ke2 Rh3 64. Kd2 Rxh4 0-1

[Event "AUT-chT (Women) 1718"]
[Site "Austria"]
[Date "2017.11.24"]
[Round "1.3"]
[White "Panzenboeck, Sophie"]
[Black "Hackbarth, Christa"]
[Result "1/2-1/2"]
[WhiteElo "1506"]
[BlackElo "1836"]
[PlyCount "90"]
[EventDate "2017.11.24"]
[EventType "team-tourn"]
[EventRounds "9"]
[EventCountry "AUT"]
[SourceTitle "CBM 181 Extra"]
[Source "ChessBase"]
[SourceDate "2017.12.12"]
[SourceVersion "1"]
[SourceVersionDate "2017.12.12"]
[SourceQuality "1"]
[WhiteTeam "Baden (W)"]
[BlackTeam "Steyr (W)"]
[WhiteTeamCountry "AUT"]
[BlackTeamCountry "AUT"]

1. d4 d5 2. Nf3 Bf5 3. g3 e6 4. Bg2 Nf6 5. 0-0 h6 6. Nbd2 Be7 7. c3 c6 8. Qb3 Qc7 9. Ne5 Nbd7 10. Ndf3 Qb6 11. Nxd7 Nxd7 12. Qxb6 axb6 13. Re1 0-0 14. Nd2 Rfe8 15. e4 dxe4 16. Nxe4 e5 17. Be3 Bf8 18. a3 exd4 19. Bd2 Ra4 20. f3 Bg6 21. cxd4 Bxe4 22. Bc3 c5 23. b3 Raa8 24. Rxe4 Rxe4 25. fxe4 cxd4 26. Bxd4 Bc5 27. Bxc5 bxc5 28. a4 Kf8 29. Rd1 Ke7 30. Kf2 Ne5 31. h3 Rc8 32. Rb1 Rd8 33. Bf1 Rd4 34. Ke3 Rb4 35. Bd3 Nxd3 36. Kxd3 Ke6 37. e5 Kxe5 38. Re1+ Kd6 39. Kc3 Kd7 40. Re5 Rb6 41. Rxc5 Rf6 42. Rd5+ Kc6 43. Rd3 Rf1 44. Kd4 Rf6 45. Kc4 Rf5 1/2-1/2

[Event "AUT-chT (Women) 1516"]
[Site "Austria"]
[Date "2015.11.07"]
[Round "2.3"]
[White "Mattersberger, Melanie"]
[Black "Panzenboeck, Sophie"]
[Result "1/2-1/2"]
[WhiteElo "1637"]
[BlackElo "1469"]
[PlyCount "52"]
[EventDate "2015.11.06"]
[EventType "team-swiss"]
[EventRounds "7"]
[EventCountry "AUT"]
[SourceTitle "EXT 2017"]
[Source "ChessBase"]
[SourceDate "2016.10.25"]
[SourceVersion "1"]
[SourceVersionDate "2016.10.25"]
[SourceQuality "1"]
[WhiteTeam "Extraherb (W)"]
[BlackTeam "Baden (W)"]
[WhiteTeamCountry "AUT"]
[BlackTeamCountry "AUT"]

1. e4 c5 2. c3 Nc6 3. d4 cxd4 4. cxd4 g6 5. Nf3 Bg7 6. Nc3 a6 7. Bc4 e6 8. 0-0 b5 9. Bb3 Bb7 10. d5 Na5 11. Bc2 h6 12. Re1 Rc8 13. dxe6 dxe6 14. Qxd8+ Kxd8 15. Rd1+ Ke8 16. Bb3 Bxc3 17. bxc3 Bxe4 18. Nd2 Bb7 19. Nf1 Nf6 20. Bf4 Nd7 21. Rac1 Nc5 22. Bc2 Nc4 23. Be3 Nb2 24. Rd2 Nc4 25. Rdd1 Nb2 26. Rd2 Nc4 1/2-1/2

[Event "AUT-chT (Women) 1415"]
[Site "Austria"]
[Date "2015.03.20"]
[Round "8.2"]
[White "Krassnitzer, Maria"]
[Black "Panzenboeck, Sophie"]
[Result "1/2-1/2"]
[WhiteElo "1560"]
[BlackElo "1454"]
[PlyCount "65"]
[EventDate "2014.10.03"]
[EventType "team-swiss"]
[EventRounds "9"]
[EventCountry "AUT"]
[SourceTitle "EXT 2016"]
[Source "ChessBase"]
[SourceDate "2015.10.08"]
[SourceVersion "1"]
[SourceVersionDate "2015.10.08"]
[SourceQuality "1"]
[WhiteTeam "St Veit/Glan (W)"]
[BlackTeam "Baden Invest (W)"]
[WhiteTeamCountry "AUT"]
[BlackTeamCountry "AUT"]

1. d4 c5 2. Nf3 cxd4 3. Nxd4 e5 4. Nb3 d5 5. Nc3 Nf6 6. Bg5 d4 7. Ne4 Nbd7 8. e3 dxe3 9. Nxf6+ Nxf6 10. Qxd8+ Kxd8 11. 0-0-0+ Kc7 12. Bxf6 gxf6 13. fxe3 Bh6 14. Rd3 Be6 15. Kb1 Rad8 16. Rc3+ Kb8 17. Bb5 Bd5 18. Rg1 Rc8 19. Nc5 Rxc5 20. Rxc5 Bxa2+ 21. Kxa2 Bxe3 22. Rf1 Bxc5 23. Rxf6 Rg8 24. g3 Bg1 25. Rxf7 Bxh2 26. Rxh7 Bxg3 27. Bc4 Rd8 28. Bd3 Rd6 29. Re7 Rd4 30. Bf5 b5 31. Bd3 a6 32. Bf5 Rd6 33. Kb3 1/2-1/2

[Event "AUT-chT (Women) 1415"]
[Site "Austria"]
[Date "2015.02.27"]
[Round "4.2"]
[White "Panzenboeck, Sophie"]
[Black "Roeck, Vanessa"]
[Result "1/2-1/2"]
[WhiteElo "1454"]
[BlackElo "1636"]
[PlyCount "85"]
[EventDate "2014.10.03"]
[EventType "team-swiss"]
[EventRounds "9"]
[EventCountry "AUT"]
[SourceTitle "EXT 2016"]
[Source "ChessBase"]
[SourceDate "2015.10.08"]
[SourceVersion "1"]
[SourceVersionDate "2015.10.08"]
[SourceQuality "1"]
[WhiteTeam "Baden Invest (W)"]
[BlackTeam "Mayrhofen/Zillertal (W)"]
[WhiteTeamCountry "AUT"]
[BlackTeamCountry "AUT"]

1. d4 d6 2. Nf3 g6 3. e3 Bg7 4. c3 Nd7 5. Bd3 e5 6. 0-0 Ngf6 7. Nbd2 0-0 8. dxe5 dxe5 9. e4 Nc5 10. Bc2 Bg4 11. h3 Bxf3 12. Qxf3 Ne6 13. Nc4 Nh5 14. g3 b5 15. Rd1 Qc8 16. Na3 a6 17. Be3 h6 18. h4 Rd8 19. Rxd8+ Qxd8 20. Rd1 Qe7 21. Bb3 Nf6 22. Nc2 a5 23. Bd5 Nxd5 24. Rxd5 c6 25. Rd1 Rd8 26. Bb6 Rxd1+ 27. Qxd1 a4 28. Nb4 Qb7 29. Be3 Bf8 30. Nd3 f6 31. b4 Qf7 32. a3 Kh7 33. f3 Nc7 34. Nc5 Ne6 35. Qd7 Qxd7 36. Nxd7 Be7 37. Kf2 Kg7 38. Ke2 h5 39. Kd3 Bd6 40. c4 Kf7 41. Nb6 Ke8 42. cxb5 cxb5 43. Nd5 1/2-1/2

[Event "AUT-ch U18 Girls"]
[Site "Woerth"]
[Date "2014.04.13"]
[Round "1"]
[White "Roeck, Vanessa"]
[Black "Panzenboeck, Sophie"]
[Result "1-0"]
[WhiteElo "1641"]
[BlackElo "1501"]
[PlyCount "59"]
[EventDate "2014.04.13"]
[EventType "swiss"]
[EventRounds "7"]
[EventCountry "AUT"]
[SourceTitle "EXT 2015"]
[Source "ChessBase"]
[SourceDate "2014.11.20"]
[SourceVersion "1"]
[SourceVersionDate "2014.11.20"]
[SourceQuality "1"]

1. e4 c5 2. d3 e6 3. g3 d5 4. Bg2 d4 5. f4 e5 6. Nf3 Bg4 7. h3 Bxf3 8. Qxf3 Nc6 9. 0-0 Nge7 10. Na3 Ng6 11. Bd2 exf4 12. Bxf4 Nxf4 13. Qxf4 Qe7 14. e5 g6 15. Nc4 0-0-0 16. Bxc6 bxc6 17. Nd6+ Rxd6 18. exd6 Qxd6 19. Qxd6 Bxd6 20. Rxf7 Bxg3 21. Raf1 Bc7 22. Rf8+ Rxf8 23. Rxf8+ Kb7 24. Rf7 h6 25. a4 Kb6 26. a5+ Kb7 27. Kg2 Kc8 28. a6 Bb8 29. Kf3 g5 30. Kg4 1-0

[Event "AUT-ch U16 Girls"]
[Site "Untersiebenbrunn"]
[Date "2012.04.03"]
[Round "4"]
[White "Panzenboeck, Sophie"]
[Black "Roeck, Vanessa"]
[Result "1-0"]
[WhiteElo "1482"]
[BlackElo "1669"]
[PlyCount "89"]
[EventDate "2012.04.01"]
[EventType "swiss"]
[EventRounds "7"]
[EventCountry "AUT"]
[SourceTitle "CBM 147 Extra"]
[Source "ChessBase"]
[SourceDate "2012.04.24"]
[SourceVersion "1"]
[SourceVersionDate "2012.04.24"]
[SourceQuality "1"]

1. d4 f5 2. c4 Nf6 3. Nc3 g6 4. f3 Bg7 5. Nh3 d6 6. Nf2 0-0 7. e4 e5 8. d5 a5 9. a3 Nbd7 10. Bd3 Nc5 11. Bc2 fxe4 12. fxe4 Qe7 13. Be3 b6 14. Rb1 Bd7 15. b4 axb4 16. axb4 Na6 17. 0-0 Nh5 18. g3 Bf6 19. Ne2 Bg5 20. Qd2 Bf6 21. Bh6 Ng7 22. Kh1 Rfc8 23. Be3 Rf8 24. Bd1 Nb8 25. Ng1 Bc8 26. Be2 Nd7 27. Ng4 h5 28. Nxf6+ Nxf6 29. Bg5 Nge8 30. Bd3 Kh7 31. Rf2 Qg7 32. Rbf1 Bb7 33. h3 Nd7 34. g4 Rxf2 35. Rxf2 Nef6 36. gxh5 Nxh5 37. h4 Ndf6 38. Bxf6 Nxf6 39. Nh3 Ra1+ 40. Kg2 Nh5 41. Ng5+ Kg8 42. Ne6 Qe7 43. Qh6 Ra8 44. Qxg6+ Ng7 45. Ng5 1-0

[Event "AUT-ch U16 Girls"]
[Site "Untersiebenbrunn"]
[Date "2012.04.02"]
[Round "3"]
[White "Panzenboeck, Sophie"]
[Black "Augustin, Natascha"]
[Result "1-0"]
[WhiteElo "1482"]
[BlackElo "1290"]
[PlyCount "61"]
[EventDate "2012.04.01"]
[EventType "swiss"]
[EventRounds "7"]
[EventCountry "AUT"]
[SourceTitle "CBM 147 Extra"]
[Source "ChessBase"]
[SourceDate "2012.04.24"]
[SourceVersion "1"]
[SourceVersionDate "2012.04.24"]
[SourceQuality "1"]

1. d4 c6 2. Nf3 d5 3. e3 Nf6 4. c4 e6 5. Bd3 Bd6 6. b3 Nbd7 7. Bb2 Qe7 8. Nbd2 0-0 9. Ne5 c5 10. f4 cxd4 11. exd4 Bb4 12. 0-0 a6 13. a3 Bxd2 14. Qxd2 Rb8 15. Rf3 dxc4 16. Bxc4 b5 17. Nc6 Qd6 18. Nxb8 Nxb8 19. Bd3 Bb7 20. Rh3 h6 21. Rc1 Nd5 22. f5 exf5 23. Bxf5 Qf4 24. Qd3 Qg5 25. Rg3 Nf4 26. Qc2 Qh5 27. d5 Ne2+ 28. Qxe2 Qxe2 29. Rxg7+ Kh8 30. Rh7+ Kg8 31. Rh8# 1-0

[Event "AUT-ch U16 Girls"]
[Site "Vienna"]
[Date "2011.04.17"]
[Round "1.3"]
[White "Hiebler, Laura"]
[Black "Panzenboeck, Sophie"]
[Result "1/2-1/2"]
[WhiteElo "1701"]
[BlackElo "1507"]
[PlyCount "134"]
[EventDate "2011.04.17"]
[EventType "swiss"]
[EventRounds "7"]
[EventCountry "AUT"]
[SourceTitle "EXT 2024"]
[Source "ChessBase"]
[SourceDate "2023.10.10"]
[SourceVersion "1"]
[SourceVersionDate "2023.10.10"]
[SourceQuality "1"]

1. e4 c5 2. Nf3 Nc6 3. d4 cxd4 4. Nxd4 e6 5. Be2 Nf6 6. Bf3 Be7 7. 0-0 Qc7 8. Be3 Nxd4 9. Bxd4 d6 10. Nc3 a6 11. Re1 e5 12. Be3 0-0 13. Bg5 Be6 14. Qd2 Rac8 15. Rad1 Rfd8 16. a4 Qc5 17. h3 Kf8 18. Re3 Rd7 19. Rd3 Rcd8 20. Bxf6 Bxf6 21. Bg4 Bc4 22. Bxd7 Bxd3 23. Bf5 Bc4 24. Bxh7 Bh4 25. Bf5 b5 26. axb5 axb5 27. b3 Be6 28. Nd5 Bxd5 29. exd5 Ke7 30. Kf1 Kf8 31. g3 Be7 32. Ra1 Rb8 33. c3 Qc7 34. Qe3 Bd8 35. Ra7 Rb7 36. Ra6 b4 37. cxb4 Rxb4 38. Rc6 Qe7 39. Qc3 Rb8 40. b4 Qf6 41. Bg4 g6 42. Rc8 Rxc8 43. Qxc8 Kg7 44. Qc6 Qe7 45. Bd7 Qf6 46. Bg4 Qe7 47. Bd7 Qf6 48. Kg2 e4 49. Bg4 Qe7 50. Qc4 Bb6 51. Qc6 Qa7 52. Qxd6 Bxf2 53. Qe5+ f6 54. Qxe4 Bg1 55. Qe2 Bd4 56. d6 Qb7+ 57. Bf3 Qxb4 58. d7 Bb6 59. Qd3 Qb2+ 60. Be2 Bd8 61. h4 Qb7+ 62. Kh3 Qh1+ 63. Kg4 f5+ 64. Kf4 Bc7+ 65. Ke3 Qc1+ 66. Kf2 Bb6+ 67. Kg2 Qg1+ 1/2-1/2

[Event "AUT-ch U14 Girls"]
[Site "Eisenstadt"]
[Date "2010.05.25"]
[Round "7.7"]
[White "Gangelberger, Miriam"]
[Black "Panzenboeck, Sophie"]
[Result "0-1"]
[WhiteElo "1258"]
[BlackElo "1324"]
[PlyCount "41"]
[EventDate "2010.05.22"]
[EventType "swiss"]
[EventRounds "7"]
[EventCountry "AUT"]
[SourceTitle "EXT 2024"]
[Source "ChessBase"]
[SourceDate "2023.10.10"]
[SourceVersion "1"]
[SourceVersionDate "2023.10.10"]
[SourceQuality "1"]

1. e4 c5 2. Nf3 d6 3. Nc3 Nc6 4. Bb5 Bd7 5. d4 cxd4 6. Nxd4 Nf6 7. 0-0 e5 8. Nf5 Bxf5 9. exf5 Be7 10. Nd5 Nxd5 11. Qxd5 Qc7 12. Bc4 0-0 13. Re1 Nd4 14. Bd3 Nxc2 15. Be3 Nxa1 16. Rxa1 Qc6 17. Qb3 a6 18. Rc1 Qd7 19. Bb1 Rac8 20. Rd1 b5 21. Qd3 0-1

[Event "AUT-ch U14 Girls"]
[Site "Eisenstadt"]
[Date "2010.05.24"]
[Round "6.5"]
[White "Panzenboeck, Sophie"]
[Black "Auer, Christine"]
[Result "1/2-1/2"]
[WhiteElo "1324"]
[BlackElo "1373"]
[PlyCount "60"]
[EventDate "2010.05.22"]
[EventType "swiss"]
[EventRounds "7"]
[EventCountry "AUT"]
[SourceTitle "EXT 2024"]
[Source "ChessBase"]
[SourceDate "2023.10.10"]
[SourceVersion "1"]
[SourceVersionDate "2023.10.10"]
[SourceQuality "1"]

1. d4 d5 2. Nf3 Nc6 3. e3 Nf6 4. c4 e6 5. Nc3 Bb4 6. Bd2 0-0 7. cxd5 exd5 8. Bd3 Re8 9. a3 Bxc3 10. Bxc3 Bg4 11. 0-0 Qd7 12. Be2 Ne4 13. Nd2 Nxc3 14. Bxg4 Nxd1 15. Bxd7 Re7 16. Raxd1 Rxd7 17. b4 Re7 18. Nb3 b6 19. Rc1 Nd8 20. Rc3 Ne6 21. Nd2 Ng5 22. Rfc1 Rc8 23. Kf1 g6 24. Ke2 f5 25. h4 Ne4 26. Nxe4 fxe4 27. Rc6 Kg7 28. g4 h6 29. Rg1 Rf7 30. h5 g5 1/2-1/2